[Event "Valpovo op U20"]
[Site "Valpovo"]
[Date "2010.12.04"]
[Round "5"]
[White "Buhin, Denis"]
[Black "Sucic, Mihael"]
[Result "1/2-1/2"]
[WhiteElo "1941"]
[BlackElo "1928"]
[PlyCount "74"]
[EventDate "2010.12.03"]
[EventType "swiss"]
[EventRounds "7"]
[EventCountry "CRO"]
[SourceTitle "CBM 139 Extra"]
[Source "ChessBase"]
[SourceDate "2011.01.05"]
[SourceVersion "1"]
[SourceVersionDate "2011.01.05"]
[SourceQuality "1"]

1. Nf3 c5 2. c4 Nc6 3. Nc3 g6 4. g3 Bg7 5. Bg2 d6 6. 0-0 e5 7. d3 Nge7 8. a3 0-0 9. Rb1 a5 10. Ne1 f5 11. f4 Be6 12. Nd5 Rb8 13. a4 Bf7 14. fxe5 Bxe5 15. Bg5 Bxd5 16. Bxd5+ Kh8 17. Nc2 Bf6 18. Bxf6+ Rxf6 19. e4 Nxd5 20. exd5 Ne5 21. b3 b6 22. d4 Nd7 23. Na3 Qf8 24. Qd2 Re8 25. Rbe1 Re4 26. Nb5 Kg8 27. Qd3 Qe7 28. Rxe4 fxe4 29. Qe3 Rxf1+ 30. Kxf1 Qf6+ 31. Kg2 cxd4 32. Nxd4 Nc5 33. h4 Kg7 34. Qg5 Qxd4 35. Qe7+ Kg8 36. Qe8+ Kg7 37. Qe7+ Kg8 1/2-1/2

[Event "Valpovo op U20"]
[Site "Valpovo"]
[Date "2010.12.03"]
[Round "2"]
[White "Patarcic, Domagoj"]
[Black "Sucic, Mihael"]
[Result "0-1"]
[WhiteElo "1999"]
[BlackElo "1928"]
[PlyCount "70"]
[EventDate "2010.12.03"]
[EventType "swiss"]
[EventRounds "7"]
[EventCountry "CRO"]
[SourceTitle "CBM 139 Extra"]
[Source "ChessBase"]
[SourceDate "2011.01.05"]
[SourceVersion "1"]
[SourceVersionDate "2011.01.05"]
[SourceQuality "1"]

1. a4 d5 2. b4 e5 3. Ba3 Nf6 4. e3 Be6 5. Nf3 Nbd7 6. Be2 Bd6 7. d3 Qe7 8. c3 0-0 9. 0-0 Ne8 10. b5 c5 11. bxc6 bxc6 12. c4 f5 13. cxd5 cxd5 14. Bxd6 Qxd6 15. Ng5 f4 16. Na3 Qe7 17. Nxe6 Qxe6 18. Bg4 Qe7 19. Qb3 Nef6 20. Bf3 Qf7 21. exf4 Rab8 22. Qa2 exf4 23. Rfe1 Rfe8 24. Nb5 Ne5 25. Qe2 Qd7 26. d4 Nxf3+ 27. Qxf3 a6 28. Rxe8+ Rxe8 29. Nc3 Qd6 30. h4 h6 31. Rb1 Qc6 32. a5 Qc4 33. Rb6 Re1+ 34. Kh2 Qf1 35. g3 Ng4+ 0-1

[Event "Valpovo op U20"]
[Site "Valpovo"]
[Date "2009.12.06"]
[Round "6"]
[White "Skvorc, Emanuel"]
[Black "Sucic, Mihael"]
[Result "0-1"]
[WhiteElo "1672"]
[BlackElo "1915"]
[PlyCount "50"]
[EventDate "2009.12.04"]
[EventType "swiss"]
[EventRounds "7"]
[EventCountry "CRO"]
[SourceTitle "CBM 133 Extra"]
[Source "ChessBase"]
[SourceDate "2010.01.05"]
[SourceVersion "1"]
[SourceVersionDate "2010.01.05"]
[SourceQuality "1"]

1. e4 c5 2. Nf3 e6 3. d4 cxd4 4. Nxd4 Nf6 5. Nc3 Nc6 6. Be3 Bb4 7. Qd3 Ne5 8. Qb5 Bxc3+ 9. bxc3 Qc7 10. Bd2 Nxe4 11. Bd3 Nxc3 12. Qb3 Nxd3+ 13. cxd3 Qe5+ 14. Be3 Nd5 15. Nc2 Nxe3 16. fxe3 b6 17. 0-0 Bb7 18. e4 Rc8 19. Rac1 0-0 20. Kh1 d5 21. Rfe1 dxe4 22. Qb4 Qc3 23. Qxc3 Rxc3 24. dxe4 Rfc8 25. Re2 Bxe4 0-1

[Event "Valpovo op U20"]
[Site "Valpovo"]
[Date "2009.12.05"]
[Round "3"]
[White "Grguric, Stjepan Kresimir"]
[Black "Sucic, Mihael"]
[Result "1-0"]
[WhiteElo "1911"]
[BlackElo "1915"]
[PlyCount "59"]
[EventDate "2009.12.04"]
[EventType "swiss"]
[EventRounds "7"]
[EventCountry "CRO"]
[SourceTitle "CBM 133 Extra"]
[Source "ChessBase"]
[SourceDate "2010.01.05"]
[SourceVersion "1"]
[SourceVersionDate "2010.01.05"]
[SourceQuality "1"]

1. e4 c5 2. Nf3 e6 3. c3 Nf6 4. e5 Nd5 5. d4 cxd4 6. cxd4 Nc6 7. Nc3 Nxc3 8. bxc3 d6 9. exd6 Bxd6 10. Bd3 Ne7 11. 0-0 Ng6 12. Re1 0-0 13. Ng5 Be7 14. Qg4 Bf6 15. h4 h6 16. Nxf7 Rxf7 17. Qxg6 Kf8 18. Qh7 Ke7 19. Bb5 Kd6 20. Bf4+ Ke7 21. Qe4 Qb6 22. Bc4 Kf8 23. Rab1 Qc6 24. d5 Qa4 25. Bd6+ Kg8 26. Rb4 exd5 27. Bxd5 Qd7 28. Qe8+ Kh7 29. Bxf7 Qxe8 30. Rxe8 1-0

[Event "CRO-chT U20 18th"]
[Site "Sv Filip i Jakov"]
[Date "2009.04.19"]
[Round "11"]
[White "Sucic, Mihael"]
[Black "Ruzic, Sanjin"]
[Result "1-0"]
[WhiteElo "1942"]
[BlackElo "1927"]
[PlyCount "87"]
[EventDate "2009.04.14"]
[EventType "team-tourn"]
[EventRounds "11"]
[EventCountry "CRO"]
[SourceTitle "CBM 129 Extra"]
[Source "ChessBase"]
[SourceDate "2009.05.05"]
[SourceVersion "2"]
[SourceVersionDate "2009.05.20"]
[SourceQuality "1"]

1. d4 Nf6 2. c4 g6 3. Nc3 d5 4. e3 Bg7 5. Nf3 0-0 6. Qb3 c6 7. Be2 dxc4 8. Bxc4 Qb6 9. Qc2 Bf5 10. Qe2 Nbd7 11. 0-0 Bg4 12. h3 Bxf3 13. Qxf3 c5 14. Rd1 cxd4 15. exd4 Rac8 16. Bb3 e6 17. Be3 Qb4 18. Rac1 b5 19. Qb7 Nb6 20. Qxa7 Nc4 21. Bxc4 Rxc4 22. Rb1 Nd5 23. Nxd5 exd5 24. Qd7 Rc2 25. Qxd5 Rxb2 26. Rxb2 Qxb2 27. Qb3 Qxb3 28. axb3 Rc8 29. Rd3 Rc2 30. d5 Kf8 31. d6 Rc3 32. Rd1 Bf6 33. Bb6 Rc6 34. Ba5 Ra6 35. b4 Ra8 36. Rd5 Rb8 37. Kf1 Bd8 38. Bc7 Rc8 39. Rxb5 Bxc7 40. Rc5 Ke8 41. Rxc7 Rxc7 42. dxc7 Kd7 43. c8Q+ Kxc8 44. Ke2 1-0

[Event "CRO-chT U20 18th"]
[Site "Sv Filip i Jakov"]
[Date "2009.04.18"]
[Round "9"]
[White "Sucic, Mihael"]
[Black "Jerkovic, Maroje"]
[Result "1-0"]
[WhiteElo "1942"]
[BlackElo "1756"]
[PlyCount "65"]
[EventDate "2009.04.14"]
[EventType "team-tourn"]
[EventRounds "11"]
[EventCountry "CRO"]
[SourceTitle "CBM 129 Extra"]
[Source "ChessBase"]
[SourceDate "2009.05.05"]
[SourceVersion "2"]
[SourceVersionDate "2009.05.20"]
[SourceQuality "1"]

1. d4 d5 2. c4 dxc4 3. Nf3 Nf6 4. e3 a6 5. a4 e6 6. Bxc4 c5 7. Nc3 b6 8. 0-0 Bb7 9. Qe2 Be7 10. Rd1 Qc7 11. Ne5 0-0 12. f4 Nbd7 13. b3 Nxe5 14. dxe5 Nd7 15. e4 a5 16. Rd3 Rfd8 17. Rh3 Nf8 18. Be3 Rd7 19. Rf1 Re8 20. Qg4 Bd8 21. Nb5 Qc6 22. Nd6 Rxd6 23. exd6 Qxd6 24. Rd1 Qc7 25. e5 Be4 26. Rg3 Bg6 27. Qe2 Qc8 28. Qd2 Bc7 29. Qe2 Qb7 30. h4 h5 31. Bd3 Bd8 32. Bb5 Nd7 33. Rxd7 1-0

[Event "CRO-chT U20 18th"]
[Site "Sv Filip i Jakov"]
[Date "2009.04.17"]
[Round "7"]
[White "Sucic, Mihael"]
[Black "Petrusic, Toni"]
[Result "0-1"]
[WhiteElo "1942"]
[BlackElo "2028"]
[PlyCount "90"]
[EventDate "2009.04.14"]
[EventType "team-tourn"]
[EventRounds "11"]
[EventCountry "CRO"]
[SourceTitle "CBM 129 Extra"]
[Source "ChessBase"]
[SourceDate "2009.05.05"]
[SourceVersion "2"]
[SourceVersionDate "2009.05.20"]
[SourceQuality "1"]

1. d4 e6 2. c4 d5 3. Nc3 Nf6 4. cxd5 exd5 5. Bg5 Be7 6. e3 c6 7. Bd3 Nbd7 8. Nge2 0-0 9. 0-0 Re8 10. f3 Nf8 11. Qc2 Ng6 12. Rae1 c5 13. Bxg6 hxg6 14. Nf4 Bf5 15. Qd2 Be6 16. dxc5 Bxc5 17. Bxf6 gxf6 18. Nfxd5 Bxd5 19. Qxd5 Bxe3+ 20. Kh1 Qb6 21. Qb5 Qxb5 22. Nxb5 Rad8 23. Re2 a6 24. Nc3 Bd4 25. Rxe8+ Rxe8 26. Ne4 f5 27. Nd6 Re6 28. Nxb7 Rb6 29. Na5 Rxb2 30. Nc6 Bf6 31. a4 Rb6 32. Na5 Rb4 33. f4 Rxa4 34. Nb3 Rb4 35. Na5 Rb5 36. Nc4 a5 37. g3 a4 38. Rf3 Rb4 39. Na3 Rb2 40. Rd3 Ra2 41. Nc4 Be7 42. Rd7 Kf8 43. Ra7 a3 44. Ne5 Rc2 45. Nf3 a2 0-1

[Event "CRO-chT U20 18th"]
[Site "Sv Filip i Jakov"]
[Date "2009.04.14"]
[Round "2"]
[White "Sucic, Mihael"]
[Black "Starcevic, Andrea"]
[Result "0-1"]
[WhiteElo "1942"]
[BlackElo "1659"]
[PlyCount "115"]
[EventDate "2009.04.14"]
[EventType "team-tourn"]
[EventRounds "11"]
[EventCountry "CRO"]
[SourceTitle "CBM 129 Extra"]
[Source "ChessBase"]
[SourceDate "2009.05.05"]
[SourceVersion "2"]
[SourceVersionDate "2009.05.20"]
[SourceQuality "1"]

1. d4 d5 2. c4 e6 3. Nc3 Nf6 4. cxd5 exd5 5. Bg5 Be7 6. e3 c6 7. Bd3 Nbd7 8. Nge2 0-0 9. Qc2 Re8 10. 0-0 Nf8 11. Bh4 Ne4 12. Bxe7 Qxe7 13. Rab1 Ng6 14. b4 a6 15. Na4 Qd8 16. f3 Nf6 17. e4 dxe4 18. fxe4 Bg4 19. Nac3 Qd7 20. Rbd1 Qe7 21. a3 Rad8 22. e5 Nd7 23. Ne4 Nb6 24. Nd6 Rf8 25. h3 Be6 26. Nc3 Nd5 27. Na4 Ne3 28. Qe2 Nxd1 29. Qxd1 b5 30. Nc5 Bd5 31. Ncb7 Rd7 32. Nc5 Ra7 33. Qd2 Qh4 34. Nf5 Qd8 35. Nd6 a5 36. Ndb7 Qh4 37. Bxg6 hxg6 38. bxa5 Qe7 39. a6 Rb8 40. Qa5 Qg5 41. Rf2 Qc1+ 42. Kh2 Qe3 43. Rd2 g5 44. Qb4 Qf4+ 45. Kg1 g4 46. hxg4 Qxg4 47. Qc3 g6 48. Qe3 Kg7 49. Qf2 Rh8 50. Qf6+ Kg8 51. Qd8+ Kh7 52. Qf6 Qg3 53. Qf2 Qg5 54. Rd3 Kg8 55. Rg3 Qc1+ 56. Qf1 Qb2 57. Qf4 Qa1+ 58. Qf1 0-1

[Event "Osijek OBZ Cup 2nd"]
[Site "Osijek"]
[Date "2009.03.14"]
[Round "3.1"]
[White "Kovacevic, Srecko"]
[Black "Sucic, Mihael"]
[Result "1-0"]
[WhiteElo "2059"]
[BlackElo "1951"]
[PlyCount "183"]
[EventDate "2009.03.13"]
[EventType "team-tourn"]
[EventRounds "5"]
[EventCountry "CRO"]
[SourceTitle "EXT 2011"]
[Source "ChessBase"]
[SourceDate "2010.11.26"]
[SourceVersion "1"]
[SourceVersionDate "2010.11.26"]
[SourceQuality "1"]

1. d4 Nf6 2. Nf3 e6 3. e3 c5 4. Nbd2 d5 5. b3 b6 6. Bd3 Bb7 7. Bb2 Nbd7 8. 0-0 Bd6 9. Ne5 Qc7 10. f4 0-0 11. Qe2 Ne4 12. Nxd7 Qxd7 13. Rad1 f5 14. Bxe4 dxe4 15. dxc5 Bxc5 16. Nxe4 Qe7 17. Nxc5 Qxc5 18. Rd7 Rf7 19. Rxf7 Kxf7 20. Rd1 Qe7 21. Qd2 Rc8 22. Qd4 Kg6 23. c4 Rc7 24. Qd6 Kf7 25. Be5 Qxd6 26. Rxd6 Re7 27. Rd8 Bc6 28. Rd6 Be4 29. g3 Bb1 30. Rd2 Ke8 31. Kf2 g6 32. b4 Rd7 33. Bd4 Kd8 34. a4 Kc8 35. Ke2 Kb7 36. Rb2 Be4 37. Kd2 Bc6 38. b5 Be4 39. Kc3 Rd8 40. Kb4 Rd7 41. a5 Rc7 42. axb6 axb6 43. Rd2 Rd7 44. Ra2 Rd8 45. c5 bxc5+ 46. Bxc5 Ra8 47. Rxa8 Kxa8 48. Kc3 Kb7 49. Kd4 Kc7 50. Ke5 Kd7 51. Kf6 Bd5 52. Kg7 Ke8 53. Kxh7 Kf7 54. Bd4 Bb7 55. b6 Be4 56. h3 Bb7 57. Kh6 Bc6 58. Kg5 Bb7 59. Kh4 Bd5 60. g4 Bb7 61. Kg3 fxg4 62. hxg4 Be4 63. Kf2 Ke7 64. Ke2 Kd6 65. Kd2 Bf3 66. g5 Be4 67. Kc3 Kc6 68. Kb4 Bd3 69. Ka5 Kb7 70. Be5 Kc6 71. Bc7 Be4 72. Ka6 Kd7 73. Kb5 Bb7 74. Kc5 Be4 75. Kd4 Bb7 76. Ke5 Ke7 77. Bd6+ Kd7 78. Bc5 Bc6 79. e4 Bb7 80. f5 exf5 81. exf5 gxf5 82. Kxf5 Bd5 83. Kf6 Be4 84. g6 Kc6 85. Be3 Bd5 86. Ke7 Kb7 87. Kf8 Bc4 88. g7 Bd5 89. g8Q Bxg8 90. Kxg8 Ka8 91. Kf7 Kb7 92. Ke7 1-0

[Event "CRO-chT U20 17th"]
[Site "Sv Filip i Jakov"]
[Date "2008.03.30"]
[Round "11"]
[White "Berke, Ana"]
[Black "Sucic, Mihael"]
[Result "1/2-1/2"]
[WhiteElo "2059"]
[BlackElo "1960"]
[PlyCount "69"]
[EventDate "2008.03.25"]
[EventType "team-tourn"]
[EventRounds "11"]
[EventCountry "CRO"]
[SourceTitle "EXT 2010"]
[Source "ChessBase"]
[SourceDate "2010.11.25"]
[SourceVersion "1"]
[SourceVersionDate "2010.11.25"]
[SourceQuality "1"]

1. e4 c5 2. Nf3 e6 3. Qe2 Nc6 4. g3 e5 5. Bg2 g6 6. d3 Bg7 7. Bg5 Nge7 8. Nc3 f6 9. Be3 d6 10. Qd2 Nd4 11. Ne2 Be6 12. c3 Nxf3+ 13. Bxf3 Qc7 14. b4 cxb4 15. cxb4 Qd7 16. h4 h5 17. d4 Qa4 18. 0-0 0-0 19. Bh6 Rac8 20. Bxg7 Kxg7 21. d5 Bh3 22. Rfc1 Rxc1+ 23. Rxc1 Rc8 24. Rxc8 Nxc8 25. Bg2 Bxg2 26. Kxg2 Nb6 27. Qc3 Qd7 28. Qc2 Na4 29. Nc3 Nxc3 30. Qxc3 Kf7 31. Qc4 Qd8 32. a4 a6 33. a5 Qd7 34. Qc1 Kg7 35. Qc4 1/2-1/2

[Event "CRO-chT U20 17th"]
[Site "Sv Filip i Jakov"]
[Date "2008.03.27"]
[Round "5"]
[White "Petrusic, Branimir"]
[Black "Sucic, Mihael"]
[Result "0-1"]
[WhiteElo "1901"]
[BlackElo "1960"]
[PlyCount "120"]
[EventDate "2008.03.25"]
[EventType "team-tourn"]
[EventRounds "11"]
[EventCountry "CRO"]
[SourceTitle "EXT 2010"]
[Source "ChessBase"]
[SourceDate "2010.11.25"]
[SourceVersion "1"]
[SourceVersionDate "2010.11.25"]
[SourceQuality "1"]

1. e4 c5 2. Nf3 e6 3. d4 cxd4 4. Nxd4 Nf6 5. Nc3 Nc6 6. Be3 Bb4 7. Bd3 d5 8. f3 Qa5 9. 0-0 Bxc3 10. bxc3 0-0 11. Nxc6 bxc6 12. e5 Nd7 13. f4 Ba6 14. Bxa6 Qxa6 15. Rf3 f5 16. Rh3 g6 17. Rg3 Kf7 18. h4 h5 19. Qd3 Qa4 20. Rf3 Rab8 21. Qd4 Qxd4 22. cxd4 Rb2 23. Rf2 Rfb8 24. Bc1 Rb1 25. Rxb1 Rxb1 26. Rf1 Ra1 27. a3 Ra2 28. Rf2 Ra1 29. Rf1 Nb6 30. Bb2 Ra2 31. Bc3 Rxa3 32. Bb4 Ra2 33. c3 a5 34. Bc5 Nc4 35. Rc1 Rb2 36. Ra1 Rb3 37. Rc1 Nd2 38. Rc2 Ne4 39. c4 Nxc5 40. dxc5 dxc4 41. Rxc4 Rb4 42. Rc2 Rxf4 43. Ra2 a4 44. g3 Rc4 45. Kf2 Rxc5 46. Rxa4 Rxe5 47. Ra7+ Kf6 48. Rc7 c5 49. Kf3 Rd5 50. Ke3 g5 51. hxg5+ Kxg5 52. Rg7+ Kf6 53. Rh7 c4 54. Rxh5 Rd3+ 55. Kf2 c3 56. Rh1 c2 57. Rc1 Rc3 58. Kg2 Ke5 59. Kf2 Kd4 60. Ke2 Rxg3 0-1

[Event "CRO-ch U15 16th"]
[Site "Sibenik"]
[Date "2007.08.29"]
[Round "5"]
[White "Sucic, Mihael"]
[Black "Ivekovic, Zvonimir"]
[Result "0-1"]
[WhiteElo "1967"]
[BlackElo "2161"]
[PlyCount "44"]
[EventDate "2007.08.27"]
[EventType "swiss"]
[EventRounds "9"]
[EventCountry "CRO"]
[SourceTitle "CBM 120 Extra"]
[Source "ChessBase"]
[SourceDate "2007.11.01"]
[SourceVersion "1"]
[SourceVersionDate "2007.11.01"]
[SourceQuality "1"]

1. d4 Nf6 2. c4 c5 3. d5 d6 4. Nc3 g6 5. e4 Bg7 6. f4 0-0 7. Nf3 e6 8. Be2 exd5 9. cxd5 Re8 10. Nd2 Bd7 11. a4 Na6 12. 0-0 Nb4 13. Re1 Ng4 14. Nf3 f5 15. Bc4 fxe4 16. Rxe4 Bf5 17. Rxe8+ Qxe8 18. Ne2 Bxb2 19. Bd2 Ne3 20. Bxe3 Qxe3+ 21. Kh1 Bd3 22. Bxd3 Nxd3 0-1

[Event "CRO-ch U15 16th"]
[Site "Sibenik"]
[Date "2007.08.28"]
[Round "4"]
[White "Rubil, Marko"]
[Black "Sucic, Mihael"]
[Result "1/2-1/2"]
[WhiteElo "2005"]
[BlackElo "1967"]
[PlyCount "91"]
[EventDate "2007.08.27"]
[EventType "swiss"]
[EventRounds "9"]
[EventCountry "CRO"]
[SourceTitle "CBM 120 Extra"]
[Source "ChessBase"]
[SourceDate "2007.11.01"]
[SourceVersion "1"]
[SourceVersionDate "2007.11.01"]
[SourceQuality "1"]

1. e4 c5 2. Nf3 e6 3. d4 cxd4 4. Nxd4 Nf6 5. Nc3 Nc6 6. Ndb5 Bb4 7. a3 Bxc3+ 8. Nxc3 d5 9. Bd3 dxe4 10. Nxe4 Nxe4 11. Bxe4 Qxd1+ 12. Kxd1 f5 13. Bd3 0-0 14. Re1 e5 15. f3 Bd7 16. b3 Rfe8 17. Bb2 Rad8 18. Kc1 Nd4 19. Bc4+ Kh8 20. Kb1 Bc6 21. Rd1 b5 22. Bd3 e4 23. Bxe4 fxe4 24. Bxd4 exf3 25. gxf3 Bxf3 26. Rd2 Re1+ 27. Kb2 Rxa1 28. Kxa1 Kg8 29. Kb2 g5 30. Kc3 Rd7 31. Be3 Rxd2 32. Kxd2 a6 33. Bxg5 Kf7 34. Ke3 Bd1 35. Kd2 Bg4 36. a4 Ke6 37. c4 bxc4 38. b4 Kd6 39. Kc3 Be2 40. b5 axb5 41. axb5 Kc5 42. Be7+ Kxb5 43. Bf8 Kc6 44. Bh6 Kd5 45. Bf4 Ke4 46. Bc7 1/2-1/2

[Event "CRO-ch U15 16th"]
[Site "Sibenik"]
[Date "2007.08.27"]
[Round "2"]
[White "Girtsal, Dominik"]
[Black "Sucic, Mihael"]
[Result "0-1"]
[WhiteElo "1743"]
[BlackElo "1967"]
[PlyCount "48"]
[EventDate "2007.08.27"]
[EventType "swiss"]
[EventRounds "9"]
[EventCountry "CRO"]
[SourceTitle "CBM 120 Extra"]
[Source "ChessBase"]
[SourceDate "2007.11.01"]
[SourceVersion "1"]
[SourceVersionDate "2007.11.01"]
[SourceQuality "1"]

1. Nf3 Nf6 2. g3 d5 3. c4 d4 4. d3 c5 5. Bg2 Nc6 6. Na3 e5 7. 0-0 Bd6 8. Nc2 0-0 9. a3 a5 10. Rb1 Ne8 11. Bd2 Qe7 12. Qe1 f5 13. Ng5 h6 14. Nh3 a4 15. b4 axb3 16. Rxb3 e4 17. Nf4 Bxf4 18. Bxf4 g5 19. Bd2 Be6 20. Qb1 Nd6 21. Rb6 Ra7 22. f4 Kg7 23. Qb2 Bxc4 24. dxc4 Nxc4 0-1

[Event "Osijek op"]
[Site "Osijek"]
[Date "2007.02.16"]
[Round "9"]
[White "Sucic, Mihael"]
[Black "Lovric, Darko"]
[Result "1-0"]
[WhiteElo "1908"]
[BlackElo "2140"]
[PlyCount "49"]
[EventDate "2007.02.08"]
[EventType "swiss"]
[EventRounds "9"]
[EventCountry "CRO"]
[SourceTitle "EXT 2008"]
[Source "ChessBase"]
[SourceDate "2007.11.25"]
[SourceVersion "1"]
[SourceVersionDate "2007.11.25"]
[SourceQuality "1"]

1. d4 d5 2. c4 c6 3. e3 e6 4. Nf3 Nf6 5. Nc3 g6 6. Bd3 Bg7 7. 0-0 0-0 8. e4 dxe4 9. Nxe4 Nxe4 10. Bxe4 Nd7 11. Qc2 Nf6 12. Bd3 b6 13. Be3 Qc7 14. Rad1 Ng4 15. Qe2 Nxe3 16. Qxe3 Bb7 17. Rfe1 Rad8 18. Bc2 Rfe8 19. b4 c5 20. dxc5 bxc5 21. Ba4 Rxd1 22. Rxd1 Rc8 23. Rd7 Qb8 24. bxc5 Rc7 25. Qf4 1-0

[Event "Osijek op"]
[Site "Osijek"]
[Date "2007.02.12"]
[Round "6"]
[White "Sucic, Mihael"]
[Black "Kovacevic, Srecko"]
[Result "1-0"]
[WhiteElo "1908"]
[BlackElo "2096"]
[PlyCount "87"]
[EventDate "2007.02.08"]
[EventType "swiss"]
[EventRounds "9"]
[EventCountry "CRO"]
[SourceTitle "CBM 116 Extra"]
[Source "ChessBase"]
[SourceDate "2007.03.07"]
[SourceVersion "1"]
[SourceVersionDate "2007.03.07"]
[SourceQuality "1"]

1. d4 Nf6 2. c4 b6 3. Nc3 Bb7 4. Nf3 e6 5. a3 d5 6. cxd5 exd5 7. Bf4 Be7 8. b4 c6 9. e3 0-0 10. Bd3 Nbd7 11. 0-0 Re8 12. h3 Bf8 13. Qc2 g6 14. Rfe1 Rc8 15. Qb1 Bg7 16. a4 Ba8 17. Ba6 c5 18. Bxc8 Qxc8 19. bxc5 bxc5 20. Nb5 Re6 21. Nxa7 Qe8 22. Nb5 Qc8 23. dxc5 Nh5 24. Nbd4 Nxf4 25. exf4 Rxe1+ 26. Qxe1 Nxc5 27. Rc1 Qf8 28. Qb4 Nd3 29. Qxf8+ Bxf8 30. Rc8 Bb7 31. Rb8 Ba6 32. Ng5 Kg7 33. Nge6+ fxe6 34. Nxe6+ Kf7 35. Nxf8 Nxf4 36. Nxh7 Ne2+ 37. Kh2 d4 38. Ng5+ Ke7 39. Nf3 Bc4 40. Rb6 Bd5 41. Nd2 Nc3 42. a5 Ne4 43. Nxe4 Bxe4 44. Rb4 1-0

[Event "Osijek op"]
[Site "Osijek"]
[Date "2007.02.08"]
[Round "1"]
[White "Mravunac, Branko"]
[Black "Sucic, Mihael"]
[Result "1/2-1/2"]
[WhiteElo "2148"]
[BlackElo "1908"]
[PlyCount "143"]
[EventDate "2007.02.08"]
[EventType "swiss"]
[EventRounds "9"]
[EventCountry "CRO"]
[SourceTitle "CBM 116 Extra"]
[Source "ChessBase"]
[SourceDate "2007.03.07"]
[SourceVersion "1"]
[SourceVersionDate "2007.03.07"]
[SourceQuality "1"]

1. e4 c5 2. f4 e6 3. Nf3 Nc6 4. Bb5 Nf6 5. e5 Nd5 6. Bxc6 bxc6 7. d3 Be7 8. c4 Nb6 9. Nc3 Qc7 10. 0-0 d5 11. b3 Bd7 12. Qe1 a5 13. a4 Nc8 14. Ba3 Rb8 15. Rb1 g6 16. Qf2 Qb6 17. Kh1 h6 18. Ne2 Rb7 19. Rfc1 Rc7 20. g4 h5 21. gxh5 Rxh5 22. Ng3 Rh8 23. Nf1 Rh5 24. Ne3 Kd8 25. Ng4 Bf8 26. Nf6 Rh8 27. Ng5 Be8 28. Qg1 Be7 29. Rd1 Bf8 30. Ngh7 Be7 31. Qf2 Rb7 32. Rdc1 Rc7 33. Ng5 Bf8 34. Qg1 Be7 35. Qg4 Bxf6 36. exf6 Nd6 37. d4 Nb7 38. dxc5 Nxc5 39. Qg1 Nd7 40. Be7+ Kc8 41. c5 Qb4 42. Qf2 Rb7 43. Kg2 Qa3 44. Qe1 Qb4 45. Qf2 Ra7 46. h4 Rb7 47. Kg3 Ra7 48. Qe3 Rh5 49. Rd1 Qb7 50. Rd4 Qa8 51. b4 axb4 52. Rbxb4 Rb7 53. Qe1 Rh8 54. Qb1 Qa7 55. Rxb7 Qxb7 56. Qxb7+ Kxb7 57. Nf3 Rh5 58. Rb4+ Ka7 59. Nd4 Nb8 60. Bd6 Na6 61. Rb6 Bd7 62. Nxc6+ Bxc6 63. Rxc6 d4 64. Be5 d3 65. Rd6 Nxc5 66. Bd4 Kb7 67. Bxc5 Rxc5 68. Rxd3 Kc7 69. Ra3 Ra5 70. Kf3 Kb6 71. Rb3+ Kc6 72. Rc3+ 1/2-1/2

[Event "EU-ch U14"]
[Site "Herceg Novi"]
[Date "2006.09.16"]
[Round "6"]
[White "Lyaskovsky, Valentin"]
[Black "Sucic, Mihael"]
[Result "1-0"]
[WhiteElo "2254"]
[BlackElo "1896"]
[PlyCount "67"]
[EventDate "2006.09.10"]
[EventType "swiss"]
[EventRounds "9"]
[EventCountry "MNE"]
[SourceTitle "CBM 114 Extra"]
[Source "ChessBase"]
[SourceDate "2006.11.03"]
[SourceVersion "1"]
[SourceVersionDate "2006.11.03"]
[SourceQuality "1"]

1. e4 c5 2. Nf3 a6 3. Nc3 d6 4. d4 cxd4 5. Nxd4 Nf6 6. Bg5 e6 7. f4 Be7 8. Qf3 Qc7 9. 0-0-0 Nbd7 10. g4 b5 11. Bxf6 Bxf6 12. Bxb5 axb5 13. Ndxb5 Qb8 14. Nxd6+ Kf8 15. e5 Be7 16. Nxc8 Qxc8 17. Rxd7 Rxa2 18. Nxa2 Qxd7 19. Rd1 Qc8 20. f5 Bg5+ 21. Kb1 h6 22. fxe6 Qxe6 23. Qe4 g6 24. Rd6 Qe7 25. Qd5 Kg7 26. Nb4 Re8 27. Nc6 Qf8 28. Rd7 Kg8 29. b3 Re6 30. Nd4 Ra6 31. Nc6 Ra8 32. e6 Qg7 33. Ne7+ Kh7 34. Qxa8 1-0

[Event "EU-ch U14"]
[Site "Herceg Novi"]
[Date "2006.09.13"]
[Round "4"]
[White "Janczarski, Michal"]
[Black "Sucic, Mihael"]
[Result "1/2-1/2"]
[WhiteElo "2049"]
[BlackElo "1896"]
[PlyCount "77"]
[EventDate "2006.09.10"]
[EventType "swiss"]
[EventRounds "9"]
[EventCountry "MNE"]
[SourceTitle "CBM 114 Extra"]
[Source "ChessBase"]
[SourceDate "2006.11.03"]
[SourceVersion "1"]
[SourceVersionDate "2006.11.03"]
[SourceQuality "1"]

1. e4 c5 2. Nf3 d6 3. d4 cxd4 4. Nxd4 Nf6 5. Nc3 a6 6. Bg5 e6 7. f4 Be7 8. Qf3 Nc6 9. 0-0-0 Qc7 10. g4 Bd7 11. Nxc6 bxc6 12. Bh4 Bc8 13. f5 h6 14. Bg3 e5 15. Bc4 Rb8 16. h4 Nd7 17. Bf2 Nb6 18. Bxb6 Qxb6 19. Bb3 Qd8 20. Qg3 f6 21. Qf3 Kd7 22. Na4 Qa5 23. c4 c5 24. Nc3 Bb7 25. Qd3 Kc7 26. Kb1 Rbe8 27. Rh3 Kb8 28. Nd5 Bxd5 29. Qxd5 Ka7 30. Qf7 Qc7 31. Bc2 Ref8 32. Qe6 Rb8 33. Qf7 Rbf8 34. Qxg7 Rfg8 35. Qf7 Rxg4 36. Qh5 Rg7 37. Rhh1 Bf8 38. Rdg1 Rhg8 39. Qd1 1/2-1/2

[Event "Djakovo op-B"]
[Site "Djakovo"]
[Date "2006.04.30"]
[Round "1"]
[White "Sucic, Mihael"]
[Black "Kozarcanin, Sead"]
[Result "0-1"]
[WhiteElo "1898"]
[BlackElo "2232"]
[PlyCount "72"]
[EventDate "2006.04.30"]
[EventType "swiss"]
[EventRounds "9"]
[EventCountry "CRO"]
[SourceTitle "CBM 112 Extra"]
[Source "ChessBase"]
[SourceDate "2006.07.14"]
[SourceVersion "1"]
[SourceVersionDate "2006.07.14"]
[SourceQuality "1"]

1. d4 d5 2. c4 c6 3. Nd2 Nf6 4. Ngf3 Qa5 5. e3 dxc4 6. Bxc4 b5 7. Bd3 Bg4 8. 0-0 Nbd7 9. Ne4 e6 10. Bd2 Qb6 11. h3 Bh5 12. Ng3 Bg6 13. Bxg6 hxg6 14. Qc2 c5 15. dxc5 Bxc5 16. Ne4 0-0 17. Rac1 Be7 18. Nxf6+ Bxf6 19. Bc3 Rac8 20. Qd2 Nc5 21. Bxf6 gxf6 22. Rfd1 e5 23. Qd6 Rc6 24. Qd5 Rfc8 25. b3 Ne6 26. Qd2 e4 27. Rxc6 Rxc6 28. Nd4 Rd6 29. Qb2 b4 30. Rd2 Qd8 31. Qa1 Qd7 32. Qb2 a5 33. Kf1 Rd5 34. Ke2 Nc5 35. Qc2 Nd3 36. Qc6 Rxd4 0-1